00561nam a22001697a 450000500170000001000150001702000290003203500140006103700130007508200100008810000150009824501190011326000420023227000400027430000210031450000560033520180706145246.0 aENG-123398 c495.00 a9789352533343 aEN-106930 bDBAD/PUB a581.1 aJain, V.K.00aFundamentals of plant physiology :cby V.K. Jain bfor degree, postgraduate and various competitive examinations / aNew DelhibS. Chand and Companyc2018 a7361, Ram Nagar,bNew Delhie110055 a723p.c24cm(pbk) aIt includes bibliographic references and glossary